000
00355nam a2200133Ia 4500
008
231129s9999||||xx |||||||||||||| ||spa||
020
_a
84-8280-368-9
040
_b
spa
082
_a
I823 C754a
100
_a
Conrad Joseph
245
0
_a
El agente secreto
264
_a
Seix Barral-La Oveja Negra
942
_2
ddc
_c
BKS
999
_c
10103
_d
10103